Value education / (Record no. 82803)

MARC details
000 -LEADER
fixed length control field 00625nam a22002057a 4500
005 - DATE AND TIME OF LATEST TRANSACTION
control field 20140313102126.0
010 ## - LCCN (DPL NO)
LC control number ENG-109486
020 ## - INTERNATIONAL STANDARD BOOK NUMBER
Terms of availability 150.00
International Standard Book Number 9788183162715
035 ## - SYSTEM CONTROL NUMBER
System control number EN-93019
037 ## - SOURCE OF ACQUISITION
Source of stock number/acquisition DBAD/PUB
082 ## - DEWEY DECIMAL CLASSIFICATION NUMBER
Classification number 370.114
100 ## - MAIN ENTRY--PERSONAL NAME
Personal name Charles, Kiruba
245 00 - TITLE STATEMENT
Title Value education /
Statement of responsibility, etc by Kiruba Charlres [and] V. Arul Selvi
260 ## - PUBLICATION, DISTRIBUTION, ETC. (IMPRINT)
Place of publication, distribution, etc Hyderabad
Name of publisher, distributor, etc Neelkamal Publications
Date of publication, distribution, etc 2012
270 ## - ADDRESS
Address Sultan Bazar
City Hyderabad
Postal code 500095
300 ## - PHYSICAL DESCRIPTION
Extent viii,212p.
Dimensions 22cm(pbk)
500 ## - GENERAL NOTE
General note Includes bibliographical references and index
700 ## - ADDED ENTRY--PERSONAL NAME
Dates associated with a name Arul Selvi, V.
942 ## - ADDED ENTRY ELEMENTS (KOHA)
Source of classification or shelving scheme Dewey Decimal Classification
Item type English Books
Call number suffix CHA
Classification part 370.114
Holdings
Withdrawn status Lost status Not for loan Collection code Home library Current library Date acquired Source of acquisition Cost, normal purchase price Full call number Barcode Copy number Cost, replacement price Koha item type
    Not For Loan Non-fiction D.B.Act.Division D.B.Act.Division 27/02/2014 DBAD/PUB 150.00 370.114 CHA EN-93019 1 150.00 English Books

© Delhi Public Library
Hit Counter
free hit counter